| 000 | 00807nam a2200229 i 4500 | ||
|---|---|---|---|
| 001 | 103041 | ||
| 003 | ES-MaACL | ||
| 005 | 20250806085410.0 | ||
| 007 | t| | ||
| 008 | 060104s1793 sp ||||1| spa d | ||
| 080 | _a616-089 | ||
| 080 | _a617 | ||
| 245 | 0 | 0 |
_aManual teórico-práctico de las operaciones de cirugía, para instrucción de los alumnos de la Escuela de Palma de Mallorca / _ccompuesto por los maestros de ella |
| 260 |
_aEn Barcelona : _bpor Carlos Gibert y Tutó, _c1793 |
||
| 300 |
_a[12], 159 páginas ; _c20 cm |
||
| 650 | 7 |
_aCirugía _2embne _911050 |
|
| 650 | 4 |
_aCirugía- _xEnseñanza- _zMallorca _911052 |
|
| 852 |
_aES-MaACL _cDEPO _f Ex libris de Mateo Seoane _jR-3430(1) |
||
| 942 |
_2udc _cMONANT _n0 |
||
| 999 |
_c103041 _d103041 |
||